| 000 | 00633nam a2200217 i 4500 | ||
|---|---|---|---|
| 001 | 130772 | ||
| 003 | ES-MaACL | ||
| 007 | t| | ||
| 008 | 070807s1978 mx ||||1| spa d | ||
| 020 | _a968-16-0007-0 | ||
| 100 | 1 |
_aZea, Leopoldo. _9118131 |
|
| 245 | 1 | 0 |
_aFilosofía de la historia americana / _cLeopoldo Zea. |
| 250 | _a[1ª ed.]. | ||
| 260 |
_aMéxico : _bFondo de Cultura Económica, _c1978. |
||
| 300 |
_a296 p. ; _c21 cm. |
||
| 490 | 1 | _aTierra firme | |
| 650 | 1 | 4 |
_aFilosofía- _zAmérica Latina _912804 |
| 830 | 0 |
_aTierra firme _9178734 |
|
| 852 |
_aES-MaACL _jL-9866 _bR.111932 |
||
| 999 |
_c130772 _d130772 |
||